000 00353nam a2200145 i 4500
001 bg
100 1 _aJURKOWSKA, B.
245 0 _aMieszanie kompozycji polimerowych /
_cB. Jurkowska, B. Jurkowski.
260 _aPoznaƄ,
_c1991.
700 1 _aJURKOWSKI, B.
040 _cBPK
041 _apol
942 _cKS
008 s pl f |000 0 pol
999 _c4437
_d4437
856 _uhttp://koha.tu.koszalin.pl/cgi-bin/koha/opac-detail.pl?biblionumber=4437
_yKatalog online BPK